<?xml version="1.0" encoding="UTF-8"?>
<record
    xmlns:xsi="http://www.w3.org/2001/XMLSchema-instance"
    xsi:schemaLocation="http://www.loc.gov/MARC21/slim http://www.loc.gov/standards/marcxml/schema/MARC21slim.xsd"
    xmlns="http://www.loc.gov/MARC21/slim">

  <leader>013540000a22003130004500</leader>
  <controlfield tag="003">EG-GICUC</controlfield>
  <controlfield tag="005">20250223024858.0</controlfield>
  <controlfield tag="008">070519s2003    ua d   f m    000 0 ara d</controlfield>
  <datafield tag="040" ind1=" " ind2=" ">
    <subfield code="a">EG-GICUC</subfield>
    <subfield code="b">ara</subfield>
    <subfield code="c">EG-GICUC</subfield>
  </datafield>
  <datafield tag="041" ind1="0" ind2=" ">
    <subfield code="a">ara</subfield>
  </datafield>
  <datafield tag="049" ind1=" " ind2=" ">
    <subfield code="a">&#x627;&#x64A;&#x62F;&#x627;&#x639;</subfield>
  </datafield>
  <datafield tag="097" ind1=" " ind2=" ">
    <subfield code="a">&#x645;&#x627;&#x62C;&#x633;&#x62A;&#x64A;&#x631;</subfield>
  </datafield>
  <datafield tag="099" ind1=" " ind2=" ">
    <subfield code="a">Cai01.13.05.M.Sc.2003.&#x627;&#x62D;.&#x62F;</subfield>
  </datafield>
  <datafield tag="100" ind1="0" ind2=" ">
    <subfield code="a">&#x627;&#x62D;&#x645;&#x62F; &#x633;&#x639;&#x62F; &#x627;&#x628;&#x648;&#x633;&#x631;&#x64A;&#x639;</subfield>
  </datafield>
  <datafield tag="245" ind1="1" ind2="0">
    <subfield code="a">&#x62F;&#x631;&#x627;&#x633;&#x629; &#x645;&#x642;&#x627;&#x631;&#x646;&#x629; &#x644;&#x628;&#x639;&#x636; &#x627;&#x646;&#x638;&#x645;&#x629; &#x645;&#x639;&#x627;&#x644;&#x62C;&#x629; &#x627;&#x644;&#x645;&#x62E;&#x644;&#x641;&#x627;&#x62A; &#x627;&#x644;&#x633;&#x627;&#x626;&#x644;&#x629; &#x628;&#x627;&#x644;&#x631;&#x64A;&#x641; &#x627;&#x644;&#x645;&#x635;&#x631;&#x649; / </subfield>
    <subfield code="c">&#x627;&#x62D;&#x645;&#x62F; &#x633;&#x639;&#x62F; &#x627;&#x628;&#x648;&#x633;&#x631;&#x64A;&#x639; &#x61B; &#x627;&#x634;&#x631;&#x627;&#x641; &#x639;&#x632;&#x62A; &#x639;&#x628;&#x62F;&#x627;&#x644;&#x634;&#x627;&#x641;&#x649; : &#x62E;&#x627;&#x644;&#x62F; &#x632;&#x627;&#x647;&#x631; &#x639;&#x628;&#x62F;&#x627;&#x644;&#x644;&#x647;</subfield>
  </datafield>
  <datafield tag="246" ind1="1" ind2="5">
    <subfield code="a">Comparative study for wastewater traetment systems in egyptian rural areas</subfield>
  </datafield>
  <datafield tag="260" ind1=" " ind2=" ">
    <subfield code="a">&#x627;&#x644;&#x642;&#x627;&#x647;&#x631;&#x629; : </subfield>
    <subfield code="b">&#x627;&#x62D;&#x645;&#x62F; &#x633;&#x639;&#x62F; &#x627;&#x628;&#x648;&#x633;&#x631;&#x64A;&#x639; : </subfield>
    <subfield code="c">2003</subfield>
  </datafield>
  <datafield tag="300" ind1=" " ind2=" ">
    <subfield code="a">191 &#x648;&#x631;&#x642;&#x629; : </subfield>
    <subfield code="b">&#x631;&#x633;&#x645;&#x627;&#x62A; &#x61B; </subfield>
    <subfield code="c">30&#x633;&#x645;</subfield>
  </datafield>
  <datafield tag="502" ind1=" " ind2=" ">
    <subfield code="a">&#x627;&#x637;&#x631;&#x648;&#x62D;&#x629; (&#x645;&#x627;&#x62C;&#x633;&#x62A;&#x64A;&#x631;) - &#x62C;&#x627;&#x645;&#x639;&#x629; &#x627;&#x644;&#x642;&#x627;&#x647;&#x631;&#x629; - &#x643;&#x644;&#x64A;&#x629; &#x627;&#x644;&#x647;&#x646;&#x62F;&#x633;&#x629; - &#x642;&#x633;&#x645; &#x627;&#x644;&#x647;&#x646;&#x62F;&#x633;&#x629; &#x627;&#x644;&#x645;&#x62F;&#x646;&#x64A;&#x629;</subfield>
  </datafield>
  <datafield tag="530" ind1=" " ind2=" ">
    <subfield code="a">&#x635;&#x62F;&#x631; &#x627;&#x64A;&#x636;&#x627; &#x643;&#x642;&#x631;&#x635; &#x645;&#x62F;&#x645;&#x62C;</subfield>
  </datafield>
  <datafield tag="653" ind1=" " ind2="4">
    <subfield code="a">&#x627;&#x644;&#x631;&#x64A;&#x641; &#x627;&#x644;&#x645;&#x635;&#x631;&#x649;</subfield>
  </datafield>
  <datafield tag="653" ind1=" " ind2="4">
    <subfield code="a">&#x627;&#x644;&#x645;&#x62E;&#x644;&#x641;&#x627;&#x62A; &#x627;&#x644;&#x633;&#x627;&#x626;&#x644;&#x629;</subfield>
  </datafield>
  <datafield tag="700" ind1="0" ind2=" ">
    <subfield code="a">&#x62E;&#x627;&#x644;&#x62F; &#x632;&#x627;&#x647;&#x631; &#x639;&#x628;&#x62F;&#x627;&#x644;&#x644;&#x647; : </subfield>
    <subfield code="e">&#x645;&#x634;&#x631;&#x641;</subfield>
  </datafield>
  <datafield tag="700" ind1="0" ind2=" ">
    <subfield code="a">&#x639;&#x632;&#x62A; &#x639;&#x628;&#x62F;&#x627;&#x644;&#x634;&#x627;&#x641;&#x649; : </subfield>
    <subfield code="e">&#x645;&#x634;&#x631;&#x641;</subfield>
  </datafield>
  <datafield tag="856" ind1=" " ind2=" ">
    <subfield code="u">http://172.23.153.220/th.pdf</subfield>
  </datafield>
  <datafield tag="905" ind1=" " ind2=" ">
    <subfield code="a">Amira</subfield>
    <subfield code="e">Cataloger</subfield>
  </datafield>
  <datafield tag="905" ind1=" " ind2=" ">
    <subfield code="a">Esam</subfield>
    <subfield code="e">Revisor</subfield>
  </datafield>
  <datafield tag="942" ind1=" " ind2=" ">
    <subfield code="2">ddc</subfield>
    <subfield code="c">TH</subfield>
  </datafield>
  <datafield tag="999" ind1=" " ind2=" ">
    <subfield code="c">986</subfield>
    <subfield code="d">986</subfield>
  </datafield>
  <datafield tag="952" ind1=" " ind2=" ">
    <subfield code="2">ddc</subfield>
    <subfield code="7">0</subfield>
    <subfield code="a">CUCL</subfield>
    <subfield code="b">cl210</subfield>
    <subfield code="d">2024-02-11</subfield>
    <subfield code="o">Cai01.13.05.M.Sc.2003.&#x627;&#x62D;.&#x62F;</subfield>
    <subfield code="p">01010100010206000</subfield>
    <subfield code="r">2023-09-22 00:00:00</subfield>
    <subfield code="y">TH</subfield>
  </datafield>
  <datafield tag="952" ind1=" " ind2=" ">
    <subfield code="2">ddc</subfield>
    <subfield code="7">0</subfield>
    <subfield code="a">CUCL</subfield>
    <subfield code="b">cl2u8</subfield>
    <subfield code="d">2024-02-11</subfield>
    <subfield code="o">Cai01.13.05.M.Sc.2003.&#x627;&#x62D;.&#x62F;</subfield>
    <subfield code="p">01020100010206000</subfield>
    <subfield code="r">2023-09-22 00:00:00</subfield>
    <subfield code="t">10206.CD     </subfield>
    <subfield code="y">CD</subfield>
  </datafield>
</record>
